00520nam a22001577a 4500020001500000040000900015082001600024100002400040245005100064250001700115260003400132650005900166942001200225999001900237952010600256 a0782123570 cNust a004.21bMIN aMark Minasi9127493 aThe complete PC Upgrade and maintenance guide  a9th edition  aSan Francisco:bSybex,c1996. aThe complete PC Upgrade and maintenance guide 9127494 2ddccBK c612607d612607 00102ddc4070aCEMEbCEMEcGENd2025-01-13l0o004.21 MINpCEME- 35710r2025-01-13w2025-01-13yBK